CUTIE STREETがライブしたことがある都市 - Statistics

General Stats
  • This quiz has been taken 14 times
  • The average score is 16 of 26
Answer Stats
Hint Answer % Correct
札幌市
100%
横浜市
100%
名古屋市
100%
大阪市
100%
神戸市
100%
福岡市
100%
仙台市
92%
京都市
92%
広島市
92%
国外 ソウル市
92%
千葉市
83%
金沢市
83%
渋谷区
75%
熊本市
75%
江東区
58%
千代田区
58%
港区
58%
台南市
50%
坂井市
33%
白山市
25%
日本 千歳市
17%
和光市
17%
豊見城市
17%
岩見沢市
8%
ひたちなか市
8%
常滑市
8%
No matching quizzes found
Score Distribution
Percent of People with Each Score
Percentile by Number Answered
Your Score History
You have not taken this quiz